00381nam a22001337a 450000500170000000800410001704100230005808200120008110000230009324500400011626000380015630000280019465000250022220240829110123.0240829b |||||||| |||| 00| 0 eng d aEnglish/Afrikaans  a349 LAW lEnglish/Afrikaans  aThe Laws of South West Africa 1941  aWindhoek: bBy Authority, c1941  blv, 493 pages;c25 cm.  aLegal practice bLaw